00523nam a2200169Ia 4500001000900000003000500009005001700014008004100031040000900072082001500081111004700096245007900143260004400222300001100266500000800277650006800285dia_3607CHAP20251021150442.0220601s9999 xx 000 0 und d cCHAP a338.19 F67 aForos de seguridad y soberania alimentaria aMemoria/Organizada por Inocencio Higuera Ciapara y Alfonso Larque Saavedra aMéxico: Academia Mexicana de Ciencias a382 p. aC/e a1. Alimentos-Abastecimiento-México2. Seguridad alimentariaÌ